| 000 | 00649nam a2200169 4500 | ||
|---|---|---|---|
| 999 |
_c7431 _d7431 |
||
| 008 | 170912b xxu||||| |||| 00| 0 eng d | ||
| 022 | _a00014826 | ||
| 082 | _aDPer 657.05 Ac27 May 2016 v. 91, n. 3 | ||
| 100 |
_922516 _aBruggen, Alexander |
||
| 245 |
_aCost estimates, cost overruns, and project continuation decisions/ _cAlexander Bruggen and Joan L. Luft. |
||
| 260 |
_aSarasota, Florida: _bAmerican, Accounting Association, _c©2016. |
||
| 300 |
_av91 n3, pages 793-810: _billustrations; _c28 cm. |
||
| 500 | _aThe accounting review. | ||
| 650 | 0 |
_922519 _aCost accounting |
|
| 700 |
_922518 _aLuft, Joan L. _eAuthor. |
||
| 942 |
_2ddc _cPER |
||